MARC details
| 000 -CABECERA |
| campo de control de longitud fija |
02560nam a22004337a 4500 |
| 003 - IDENTIFICADOR DEL NÚMERO DE CONTROL |
| campo de control |
CHAP |
| 005 - FECHA Y HORA DE LA ÚLTIMA TRANSACCIÓN |
| campo de control |
20240520121145.0 |
| 007 - CAMPO FIJO DE DESCRIPCIÓN FÍSICA--INFORMACIÓN GENERAL |
| campo de control de longitud fija |
ta |
| 008 - DATOS DE LONGITUD FIJA--INFORMACIÓN GENERAL |
| campo de control de longitud fija |
220805s2019 mx ebdofr|||| 001 0 spa d |
| 040 ## - FUENTE DE LA CATALOGACIÓN |
| Centro catalogador/agencia de origen |
mxchpua |
| 090 ## - LOCALMENTE ASIGNADO TIPO-LC NÚMERO DE CLASIFICACIÓN (OCLC); NÚMERO DE CLASIFICACIÓN LOCAL (RLIN) |
| Número de clasificación (OCLC) (R) ; Numero de clasificación, CALL (RLIN) (NR) |
T.C.828 |
| Número cutter local (OCLC) ; Número de libro/Signatura topográfica íntegra, CALL (RLIN) |
R49 EIUPA |
| Año |
2019 |
| 245 10 - MENCIÓN DE TÍTULO |
| Título |
Empresa cervecera Mela's Craft Beer, Bogotá, Colombia / |
| Mención de responsabilidad, etc. |
coordinadora Diana América Reyna Izaguirre ; colaboradores Alondra Bautista Hernández...[et al.] |
| 260 ## - PUBLICACIÓN, DISTRIBUCIÓN, ETC. |
| Lugar de publicación, distribución, etc. |
Chapingo, México : |
| Nombre del editor, distribuidor, etc. |
El autor, |
| Fecha de publicación, distribución, etc. |
2019 |
| 300 ## - DESCRIPCIÓN FÍSICA |
| Extensión |
140 hojas : |
| Otras características físicas |
ilustraciones, gráficas, mapas, fotos + |
| Material acompañante/anejo |
1 CD-ROM |
| 336 ## - TIPO DE CONTENIDO |
| Fuente |
rdacontent |
| Término de tipo de contenido |
texto |
| Código de tipo de contenido |
txt |
| 337 ## - TIPO DE MEDIO |
| Fuente |
rdamedia |
| Nombre/término del tipo de medio |
no mediado |
| Código del tipo de medio |
n |
| 338 ## - TIPO DE SOPORTE |
| Fuente |
rdacarrier |
| Nombre/término del tipo de soporte |
volumen |
| Código del tipo de soporte |
nc |
| 500 ## - NOTA GENERAL |
| Nota general |
Grado 7° Grupo 5 |
| 502 ## - NOTA DE TESIS |
| Nota de tesis |
Viaje de Estudios |
| Tipo de título |
(EIUPA) -- |
| Nombre de la institución que otorga el título |
UACh. Departamento de Ingeniería Agroindustrial, |
| Año de obtención del título |
2019 |
| 504 ## - NOTA DE BIBLIOGRAFÍA, ETC. |
| Nota de bibliografía, etc. |
Bibliografía: h. 135-140 |
| 505 0# - NOTA DE CONTENIDO CON FORMATO |
| Nota de contenido con formato |
6 planos: -- <br/>1. Plano de Distribución de áreas -- <br/>2. Plano de Distribución de equipo --<br/>3. Plano de Diagrama de recorrido --<br/>4. Plano de Diagrama de recorrido propuesto --<br/>5. Plano DTI --<br/>6. Plano Diagrama de flujo |
| 650 13 - PUNTO DE ACCESO ADICIONAL DE MATERIA--TÉRMINO DE MATERIA |
| Término de materia o nombre geográfico como elemento de entrada |
Industria cervecera |
| Subdivisión geográfica |
Colombia |
| -- |
Bogotá |
| 650 13 - PUNTO DE ACCESO ADICIONAL DE MATERIA--TÉRMINO DE MATERIA |
| 9 (RLIN) |
185249 |
| Término de materia o nombre geográfico como elemento de entrada |
Calidad de la cerveza |
| 650 13 - PUNTO DE ACCESO ADICIONAL DE MATERIA--TÉRMINO DE MATERIA |
| Término de materia o nombre geográfico como elemento de entrada |
Elaboración de cerveza |
| Subdivisión general |
Calidad del procesamiento |
| 650 13 - PUNTO DE ACCESO ADICIONAL DE MATERIA--TÉRMINO DE MATERIA |
| Término de materia o nombre geográfico como elemento de entrada |
Cervezas |
| Subdivisión geográfica |
Colombia |
| 650 13 - PUNTO DE ACCESO ADICIONAL DE MATERIA--TÉRMINO DE MATERIA |
| Término de materia o nombre geográfico como elemento de entrada |
Brewing industry |
| Subdivisión geográfica |
Colombia |
| -- |
Bogotá |
| 650 13 - PUNTO DE ACCESO ADICIONAL DE MATERIA--TÉRMINO DE MATERIA |
| 9 (RLIN) |
185250 |
| Término de materia o nombre geográfico como elemento de entrada |
Beer quality |
| 650 13 - PUNTO DE ACCESO ADICIONAL DE MATERIA--TÉRMINO DE MATERIA |
| Término de materia o nombre geográfico como elemento de entrada |
Brewing |
| Subdivisión general |
Processing quality |
| 650 13 - PUNTO DE ACCESO ADICIONAL DE MATERIA--TÉRMINO DE MATERIA |
| Término de materia o nombre geográfico como elemento de entrada |
Beers |
| Subdivisión geográfica |
Colombia |
| 700 1# - PUNTO DE ACCESO ADICIONAL--NOMBRE DE PERSONA |
| Nombre de persona |
Reyna Izaguirre, Diana America |
| Término indicativo de función/relación |
coordinadora |
| 9 (RLIN) |
97046 |
| 700 1# - PUNTO DE ACCESO ADICIONAL--NOMBRE DE PERSONA |
| 9 (RLIN) |
185345 |
| Nombre de persona |
Bautista Hernández, Alondra |
| Término indicativo de función/relación |
colaboradora |
| 856 41 - LOCALIZACIÓN Y ACCESO ELECTRÓNICOS |
| Texto de enlace |
DESCARGAR PLANO DE DISTRIBUCIÓN DE ÁREAS |
| Identificador Uniforme del Recurso |
<a href="http://10.13.5.2/ve/T_C_828_EIUPA/T_C_828_EIUPA_2019_PLANO_AREAS-Modelo_1.pdf">http://10.13.5.2/ve/T_C_828_EIUPA/T_C_828_EIUPA_2019_PLANO_AREAS-Modelo_1.pdf</a> |
| 856 41 - LOCALIZACIÓN Y ACCESO ELECTRÓNICOS |
| Texto de enlace |
DESCARGAR PLANO DE DISTRIBUCIÓN DE EQUIPO |
| Identificador Uniforme del Recurso |
<a href="http://10.13.5.2/ve/T_C_828_EIUPA/T_C_828_EIUPA_209_PLANO_DISTRIBUCION_DE_EQUIPO-Modelo_1.pdf">http://10.13.5.2/ve/T_C_828_EIUPA/T_C_828_EIUPA_209_PLANO_DISTRIBUCION_DE_EQUIPO-Modelo_1.pdf</a> |
| 856 41 - LOCALIZACIÓN Y ACCESO ELECTRÓNICOS |
| Texto de enlace |
DESCARGAR PLANO DE DIAGRAMA DE RECORRIDO |
| Identificador Uniforme del Recurso |
<a href="http://10.13.5.2/ve/T_C_828_EIUPA/T_C_828_EIUPA_2019_PLANO_DIAGRAMA_DE_RECORRIDO-Modelo_1.pdf">http://10.13.5.2/ve/T_C_828_EIUPA/T_C_828_EIUPA_2019_PLANO_DIAGRAMA_DE_RECORRIDO-Modelo_1.pdf</a> |
| 856 41 - LOCALIZACIÓN Y ACCESO ELECTRÓNICOS |
| Texto de enlace |
DESCARGAR PLANO DE DIAGRAMA DE RECORRIDO PROPUESTO |
| Identificador Uniforme del Recurso |
<a href="10.13.5.2/ve/T_C_828_EIUPA/T_C_828_EIUPA_2019_PLANO_DIAGRAMA_DE_RECORRIDO_PROPUESTO-Modelo_1.pdf">10.13.5.2/ve/T_C_828_EIUPA/T_C_828_EIUPA_2019_PLANO_DIAGRAMA_DE_RECORRIDO_PROPUESTO-Modelo_1.pdf</a> |
| 856 41 - LOCALIZACIÓN Y ACCESO ELECTRÓNICOS |
| Texto de enlace |
DESCARGAR PLANO DTI |
| Identificador Uniforme del Recurso |
<a href="http://10.13.5.2/ve/T_C_828_EIUPA/T_C_828_EIUPA_2019_PLANO__DTI-Modelo_1.pdf">http://10.13.5.2/ve/T_C_828_EIUPA/T_C_828_EIUPA_2019_PLANO__DTI-Modelo_1.pdf</a> |
| 856 41 - LOCALIZACIÓN Y ACCESO ELECTRÓNICOS |
| Texto de enlace |
DESCARGAR PLANO DIAGRAMA DE FLUJO |
| Identificador Uniforme del Recurso |
<a href="http://10.13.5.2/ve/T_C_828_EIUPA/T_C_828_EIUPA_2019_PLANO_DIAGRAMA_DE_FLUJO-Modelo_1.pdf">http://10.13.5.2/ve/T_C_828_EIUPA/T_C_828_EIUPA_2019_PLANO_DIAGRAMA_DE_FLUJO-Modelo_1.pdf</a> |
| 856 41 - LOCALIZACIÓN Y ACCESO ELECTRÓNICOS |
| Texto de enlace |
DESCARGAR REPORTE |
| Identificador Uniforme del Recurso |
<a href="http://10.13.5.2/ve/T_C_828_EIUPA/T_C_828_EIUPA_2019_REPORTE.pdf">http://10.13.5.2/ve/T_C_828_EIUPA/T_C_828_EIUPA_2019_REPORTE.pdf</a> |